More wins by season in Formula 1 - Statistics

General Stats
  • This quiz has been taken 290 times
    25 since last reset
  • The average score is 58 of 92
Answer Stats
Season Driver Wins Champions? % Correct
1951 Juan Manuel Fangio 3 Yes
88%
2006 Fernando Alonso 7 Yes
83%
1950 Juan Manuel Fangio 3 No
83%
1954 Juan Manuel Fangio 6 (2 & 4) Yes
83%
1955 Juan Manuel Fangio 4 Yes
83%
1956 Juan Manuel Fangio 3 Yes
83%
2007 Kimi Raikkonen 6 Yes
83%
2014 Lewis Hamilton 11 Yes
83%
2015 Lewis Hamilton 10 Yes
83%
2016 Lewis Hamilton 10 No
83%
2017 Lewis Hamilton 9 Yes
83%
2018 Lewis Hamilton 11 Yes
83%
2019 Lewis Hamilton 11 Yes
83%
2020 Lewis Hamilton 11 Yes
83%
2021 Max Verstappen 10 Yes
83%
2022 Max Verstappen 15 Yes
83%
2023 Max Verstappen 19 Yes
83%
2024 Max Verstappen 9 Yes
83%
2025 Max Verstappen 8 No
83%
2001 Michael Schumacher 9 Yes
83%
2002 Michael Schumacher 11 Yes
83%
2003 Michael Schumacher 6 Yes
83%
2004 Michael Schumacher 13 Yes
83%
2010 Sebastian Vettel 5 Yes
83%
2011 Sebastian Vettel 11 Yes
83%
2012 Sebastian Vettel 5 Yes
83%
2013 Sebastian Vettel 13 Yes
83%
1952 Alberto Ascari 6 Yes
79%
1953 Alberto Ascari 5 Yes
79%
2008 Felipe Massa 6 No
79%
2005 Fernando Alonso 7 Yes
79%
2010 Fernando Alonso 5 No
79%
1950 Giuseppe Farina 3 Yes
79%
2009 Jenson Button 6 Yes
79%
1957 Juan Manuel Fangio 4 Yes
79%
2005 Kimi Raikkonen 7 No
79%
2000 Michael Schumacher 9 Yes
79%
1984 Alain Prost 7 No
75%
1985 Alain Prost 5 Yes
75%
1993 Alain Prost 7 Yes
75%
1988 Ayrton Senna 8 Yes
75%
1989 Ayrton Senna 6 No
75%
1990 Ayrton Senna 6 Yes
75%
1991 Ayrton Senna 7 Yes
75%
1996 Damon Hill 8 Yes
75%
1994 Michael Schumacher 7 Yes
75%
1995 Michael Schumacher 9 Yes
75%
1998 Mika Hakkinen 8 Yes
75%
1999 Mika Hakkinen 5 Yes
75%
1983 Alain Prost 4 No
71%
1997 Jacques Villeneuve 7 Yes
71%
2006 Michael Schumacher 7 No
67%
1986 Nigel Mansell 5 No
67%
1992 Nigel Mansell 9 Yes
67%
1987 Nigel Mansell 6 No
63%
1959 Jack Brabham 2 Yes
58%
1958 Stirling Moss 4 No
58%
1960 Jack Brabham 5 Yes
54%
1975 Niki Lauda 5 Yes
50%
1961 Phil Hill 2 Yes
50%
1962 Gragham Hill 4 Yes
46%
1976 James Hunt 6 Yes
46%
1963 Jim Clark 7 Yes
46%
1965 Jim Clark 6 Yes
46%
1981 Nelson Piquet 3 Yes
46%
1959 Stirling Moss 2 No
46%
1982 Alain Prost 2 No
42%
1980 Alan Jones 5 Yes
42%
1972 Emerson Fittipaldi 5 Yes
42%
1974 Emerson Fittipaldi 3 Yes
42%
1968 Gragham Hill 3 Yes
42%
1966 Jack Brabham 4 Yes
42%
1969 Jackie Stewart 6 Yes
42%
1971 Jackie Stewart 6 Yes
42%
1973 Jackie Stewart 5 Yes
42%
1964 Jim Clark 3 No
42%
1967 Jim Clark 4 No
42%
1970 Jochen Rindt 5 Yes
42%
1978 Mario Andretti 6 Yes
42%
1981 Alain Prost 3 No
38%
1977 Mario Andretti 4 No
38%
1982 Didier Pironi 2 No
33%
1979 Alan Jones 4 No
29%
1968 Jackie Stewart 3 No
29%
1982 John Watson 2 No
29%
1982 Niki Lauda 2 No
29%
1959 Tony Brooks 2 No
29%
1961 Wolfgang von Trips 2 No
29%
1974 Ronnie Peterson 3 No
25%
1961 Stirling Moss 2 No
25%
1982 René Arnoux 2 No
21%
1974 Carlos Reutemann 3 No
17%
No matching quizzes found
Score Distribution
Percent of People with Each Score
Percentile by Number Answered
Your Score History
You have not taken this quiz since the last reset